[Event "Pereira op"]
[Site "Pereira"]
[Date "2023.09.23"]
[Round "1"]
[White "Brinez Bernal, Juan Fernando"]
[Black "Andrade Salcedo, Jorge Mario"]
[Result "0-1"]
[WhiteElo "1500"]
[BlackElo "1522"]
[PlyCount "56"]
[EventDate "2023.09.23"]
[EventType "swiss"]
[EventRounds "6"]
[EventCountry "COL"]
[SourceTitle "EXT 2024"]
[Source "ChessBase"]
[SourceDate "2023.10.10"]
[SourceVersion "1"]
[SourceVersionDate "2023.10.10"]
[SourceQuality "1"]

1. e4 c6 2. d4 d5 3. e5 c5 4. c3 Nc6 5. Nf3 Bg4 6. Bb5 Qb6 7. a4 e6 8. Be3 a6 9. Bxc6+ bxc6 10. Qe2 c4 11. 0-0 Rb8 12. Bc1 Bf5 13. h3 Bd3 14. Qd1 Bxf1 15. Kxf1 Qb3 16. Qe2 Ne7 17. Nbd2 Qb7 18. Rb1 Ng6 19. b3 cxb3 20. Rxb3 Qa7 21. Rxb8+ Qxb8 22. Qxa6 Kd7 23. c4 Bb4 24. c5 Qa8 25. Qb6 Rb8 26. Qxb8 Qxb8 27. Ng5 Bxd2 28. Bxd2 Qb1+ 0-1